Countries of the 1904 Olympics - Statistics

General Stats
  • This quiz has been taken 34 times
    17 since last reset
  • The average score is 10 of 12
Answer Stats
Number of Athletes Answer % Correct
56 Canada
100%
526 United States
100%
3 Australia
92%
2 Austria
92%
1 France
92%
22 Germany
92%
6 Great Britain
92%
3 Cuba
85%
14 Greece
85%
4 Hungary
85%
2 Switzerland
69%
8 South Africa
31%
No matching quizzes found
Score Distribution
Percent of People with Each Score
Percentile by Number Answered
Your Score History
You have not taken this quiz since the last reset